ბათუმის შოთა რუსთაველის სახელმწიფო უნივერსიტეტის ბიბლიოთეკა

სამართლისა და პოლიტიკური აზროვნების ისტორიის ნარკვევები. წ. 3 (ბიბ.ჩანაწერი № 51225)

000 -LEADER
fixed length control field 01340nam a2200265Ia 4500
001 - CONTROL NUMBER
control field 18185
003 - CONTROL NUMBER IDENTIFIER
control field GE_BSU
008 - FIXED-LENGTH DATA ELEMENTS--GENERAL INFORMATION
fixed length control field 181216s||||||||xx |||||||||||||| ||und||
020 ## - INTERNATIONAL STANDARD BOOK NUMBER
International Standard Book Number 978-9941-10-991-1
040 ## - CATALOGING SOURCE
Transcribing agency GE_BSU
080 ## - UNIVERSAL DECIMAL CLASSIFICATION NUMBER
Universal Decimal Classification number 34(09)+32.001
245 ## - TITLE STATEMENT
Title სამართლისა და პოლიტიკური აზროვნების ისტორიის ნარკვევები. წ. 3
245 ## - TITLE STATEMENT
Remainder of title კრებული
245 ## - TITLE STATEMENT
Statement of responsibility, etc. რედ. გოჩა ფერაძე
250 ## - EDITION STATEMENT
Edition statement თინათინ წერეთლის სახელმწიფოსა და სამართლის ინ-ტი
260 ## - PUBLICATION, DISTRIBUTION, ETC.
Place of publication, distribution, etc. თბილისი
260 ## - PUBLICATION, DISTRIBUTION, ETC.
Name of publisher, distributor, etc. მერიდიანი
260 ## - PUBLICATION, DISTRIBUTION, ETC.
Date of publication, distribution, etc. 2015
300 ## - PHYSICAL DESCRIPTION
Extent 796 გვ. : პორტრ.21სმ.
300 ## - PHYSICAL DESCRIPTION
Accompanying material ბიბლ.გვ.741-790
520 ## - SUMMARY, ETC.
Summary, etc. თავფურ. მე-3 გვ.ინგლ.ენ.: ეძღვნება იურიდიული მეცნ. დოქტორის, პროფ. ივანე სურგულაძის ხსოვნას
653 ## - INDEX TERM--UNCONTROLLED
Uncontrolled term კრებული
653 ## - INDEX TERM--UNCONTROLLED
Uncontrolled term სამართლისა და პოლიტიკური აზროვნების ისტორიის ნარკვევები
942 ## - ADDED ENTRY ELEMENTS (KOHA)
Koha item type წიგნი
ეგზემპლარები
Withdrawn status Lost status Damaged status Not for loan Date acquired Barcode Date last seen Price effective from Koha item type
        2018-12-17 46380 2018-12-17 2018-12-17 წიგნი